000 00688nam a22001937a 4500
999 _c15452
_d15452
003 AR-CdUCM
008 190427b ||||| |||| 00| spa d
040 _aMUNICIPALIDAD PROVINCIAL DEL CUSCO
_cBIBLIOTECA MUNICIPAL DEL CUSCO
082 _a335.411 /
_bS78
100 _aStalin, J.
_923951
245 _aSobre el materialismo dialéctico y el materialismo histórico /
260 _aLima :
_bNuevo horizonte,
_c1945.
300 _a60 páginas ;
_c17 cm.
505 _aContenido :Sobre el materialismo dialéctico y materialismo histórico ...
650 _aMaterialismo dialéctico.
_96846
650 _aMaterialismo histórico.
_94121
942 _2ddc
_cLIBROS
945 _arum
_d2019-04-27